|
|
|
|
| LEADER |
00000nab a2200000 a 4500 |
| 001 |
vtls000331255 |
| 003 |
SK-MaSNL |
| 005 |
20260305014640.0 |
| 008 |
230223c1988 xo 0 slo |
| 015 |
|
|
|a SNBRB19rr/mm-uuuuu
|
| 035 |
|
|
|a CL0331377
|
| 035 |
|
|
|a (urnnbn)urn:nbn:sk:snk:ar-a09cnn
|
| 035 |
|
|
|a (uuid)a9673a88-d727-4c37-b278-321fa7e4851c
|
| 035 |
|
|
|a urn:nbn:sk:snk-ab8e5q
|
| 040 |
|
|
|a SNKBUCL
|b slo
|c SNKBUCL
|e AACR2
|
| 041 |
0 |
|
|a slo
|
| 044 |
|
|
|a xo
|c SK
|
| 080 |
|
|
|a 792.072
|2 1981
|
| 080 |
|
|
|a 82:929:840
|2 1981
|
| 080 |
|
|
|a 929 Moliere
|2 1981
|
| 100 |
1 |
|
|a Čavojský, Ladislav,
|d 1932-2014
|4 aut
|9 101804
|
| 245 |
1 |
0 |
|a Moliere - náš súčasník
|c Ladislav Čavojský
|
| 300 |
|
|
|b Tb. 1. Res. rus., angl., lit. 27 zázn. v slov.
|
| 600 |
0 |
7 |
|a Molière,
|d 1622-1673
|2 snkbucl
|9 118242
|
| 650 |
0 |
7 |
|a slovenské divadlá
|2 snkbucl
|9 1592963
|
| 655 |
|
7 |
|a články z novín a časopisov
|2 snkbucl
|9 267496
|
| 773 |
0 |
|
|t Slovenské divadlo
|g Roč. 36, č. 3 (1988), s. 319-345
|
| 850 |
|
|
|a Slovenská národná knižnica
|
| 852 |
|
|
|a Slovenská národná knižnica
|
| 954 |
|
|
|a odborná, vedecká literatúra pôvodná (slovenská)
|2 lita
|
| 958 |
|
|
|a OND
|
| 958 |
|
|
|a NB
|
| 958 |
|
|
|a RK
|
| 958 |
|
|
|a EUIPO
|
| 958 |
|
|
|a article9
|
| 992 |
|
|
|a RBX
|
| 999 |
|
|
|c 3270696
|d 3272626
|